000 01167nam0a2200325 4500
001 RU\NLR\bibl\1317606
005 20250615155841.0
010 _a978-5-9793-0080-1
_9300
021 _aRU
_b2008-91977
_95384
035 _a(NLR Aleph) 001302980
090 _a631147
_c631147
100 _a20090120d2008 |||y0rusy50 ca
101 0 _arus
102 _aRU
105 _aa |||||||||
200 1 _aВремени ожившего поток
_eОкин тайша - потомок чингисидов
_fКонстантин Аюшеев
210 _aУлан-Удэ
_cИзд-во Бурятского университета
_d2008
215 _a175 с.
_cил.
_d21
320 _aБиблиогр.: с. 152-154 (61 назв.)
600 0 _aОкин тайша
_fок. 1650 - 1724
_92575611
_3RU\NLR\auth\661522880
686 _aТ3(5Мо)43-8
686 _aТ3(2Р-6Бу)46-8
686 _aЦ35(0)51-424дОкин тайша
700 1 _aАюшеев
_bК. Л.
_f1939-
_gКонстантин Лудупович
_4070
801 0 _aRU
_bNLR
_c20090120
_gRCR
801 1 _aRU
_bNLR
_c20090120
830 _aпо кн.
942 _cBOOK
980 _aNB